Vývoj novodobých prípojov pomocou oceľových kolíkových spájacích prostriedkov a lepidiel.
Gespeichert in:
| 1. Verfasser: | |
|---|---|
| Weitere Verfasser: | |
| Format: | Manuskript Buch |
| Sprache: | Slowakisch |
| Veröffentlicht: |
2022
|
| Schlagworte: | |
| Online-Zugang: | http://is.stuba.sk/zp/portal_zp.pl?podrobnosti=152573 |
| Tags: |
Keine Tags, Fügen Sie das erste Tag hinzu!
|
MARC
| LEADER | 00000ntm a22000003a 4500 | ||
|---|---|---|---|
| 001 | stuzp71334 | ||
| 003 | SK-STU | ||
| 005 | 20220827210418.9 | ||
| 007 | ta | ||
| 008 | 150427s2015----xo-----f-mn---000-0-slo-d | ||
| 040 | |a STU |b slo | ||
| 041 | 0 | |a slo | |
| 100 | 1 | |a Neusch, Matúš |u 010190 |4 aut |U SvF Stavebná fakulta |T SvF Katedra kovových a drevených konštrukcií |X 56667 |U V190 |Y 21 |7 56667 | |
| 242 | 0 | 1 | |a Development of modern connections using dowel-type fasteners and adhesives. |y eng |
| 245 | 1 | 0 | |a Vývoj novodobých prípojov pomocou oceľových kolíkových spájacích prostriedkov a lepidiel. |
| 260 | |c 2022 | ||
| 650 | 4 | |a Polotuhé prípoje |2 slo | |
| 650 | 4 | |a Rotačná tuhosť |2 slo | |
| 650 | 4 | |a Modul popustenia |2 slo | |
| 650 | 4 | |a Experiment |2 slo | |
| 650 | 4 | |a Kolíkové spojovacie prostriedky |2 slo | |
| 650 | 4 | |a Dowel-type fasteners |2 eng | |
| 650 | 4 | |a Semi-rigid connections |2 eng | |
| 650 | 4 | |a Rotational stiffness |2 eng | |
| 650 | 4 | |a Slip modulus |2 eng | |
| 650 | 4 | |a Experiment |2 eng | |
| 700 | 1 | |a Sandanus, Jaroslav |u 010190 |k Z1 |4 ths |U SvF Stavebná fakulta |T SvF Katedra kovových a drevených konštrukcií |X 2750 |U V190 |Y 21 |7 A000002750 | |
| 856 | 4 | |u http://is.stuba.sk/zp/portal_zp.pl?podrobnosti=152573 | |